Blam's, single WSkull - Statistiques

Statistiques générales
  • Ce quiz a été pris 8 fois
  • Le résultat moyen est 14 sur 21
Statistiques - réponses
Hint Réponse % Correct
5 Ame soeur
86%
8 Monstre
86%
2 Abîmer
71%
16 Amour imaginaire
71%
14 Au revoir
71%
17 Clair de lune
71%
1 Comme d'hab
71%
21 Fin
71%
9 Harcèlement
71%
3 Mes failles
71%
7 Naïf
71%
4 Quand on s'aime
71%
10 Séparation
71%
15 Amour toxique
57%
19 Habituer
57%
12 Je ne te reconnais plus
57%
6 Sens unique
57%
20 Temps perdu
57%
18 Terminus
57%
13 Tromperie
57%
11 Je ne t'aime plus
43%
Aucun quiz correspondant
Distribution des résultats
% des personnes avec chaque résultat
Percentile par nombre de réponses
Votre historique - résultats
Vous n’avez pas pris ce quiz